MARC details
| 000 -LEADER |
| fixed length control field |
02865ccm a2200469Ia 4500 |
| 001 - CONTROL NUMBER |
| control field |
51807674 |
| 003 - CONTROL NUMBER IDENTIFIER |
| control field |
OCoLC |
| 005 - DATE AND TIME OF LATEST TRANSACTION |
| control field |
20190325193328.0 |
| 008 - FIXED-LENGTH DATA ELEMENTS--GENERAL INFORMATION |
| fixed length control field |
030306t19991994nyufmz j dz n spa d |
| 020 ## - INTERNATIONAL STANDARD BOOK NUMBER |
| International Standard Book Number |
0140565485 |
| 020 ## - INTERNATIONAL STANDARD BOOK NUMBER |
| International Standard Book Number |
0590034898 (pbk.) |
| 020 ## - INTERNATIONAL STANDARD BOOK NUMBER |
| International Standard Book Number |
9780590034890 (pbk.) |
| 020 ## - INTERNATIONAL STANDARD BOOK NUMBER |
| International Standard Book Number |
9780140565485 |
| 020 ## - INTERNATIONAL STANDARD BOOK NUMBER |
| Canceled/invalid ISBN |
9781413140866 |
| 020 ## - INTERNATIONAL STANDARD BOOK NUMBER |
| Canceled/invalid ISBN |
1413140866 |
| 035 ## - SYSTEM CONTROL NUMBER |
| System control number |
(OCoLC)51807674 |
| Canceled/invalid control number |
(OCoLC)70546629 |
| -- |
(OCoLC)731234681 |
| -- |
(OCoLC)732746176 |
| 040 ## - CATALOGING SOURCE |
| Original cataloging agency |
IGB |
| Language of cataloging |
eng |
| Transcribing agency |
IGB |
| Modifying agency |
OCLCQ |
| -- |
OIP |
| -- |
BVD |
| -- |
BAKER |
| -- |
YDXCP |
| -- |
ZGH |
| -- |
ORX |
| -- |
OCLCQ |
| -- |
OCLCF |
| -- |
OCLCQ |
| -- |
ZAS |
| -- |
TXCCL |
| -- |
SFR |
| -- |
T7F |
| -- |
LKC |
| -- |
SO$ |
| 041 1# - LANGUAGE CODE |
| Language code of text/sound track or separate title |
spa |
| -- |
eng |
| Language code of original |
eng |
| 043 ## - GEOGRAPHIC AREA CODE |
| Geographic area code |
cl----- |
| 050 #4 - LIBRARY OF CONGRESS CALL NUMBER |
| Classification number |
M.1 |
| Item number |
PB Oro 1999 |
| 082 04 - DEWEY DECIMAL CLASSIFICATION NUMBER |
| Classification number |
468 |
| 092 ## - LOCALLY ASSIGNED DEWEY CALL NUMBER (OCLC) |
| Filing suffix |
E- |
| Classification number |
468 |
| Item number |
DE COLOR |
| 245 00 - TITLE STATEMENT |
| Title |
De colores : |
| Remainder of title |
and other Latin-American folk songs for children / |
| Statement of responsibility, etc. |
selected, arranged, and translated by Jose-Luis Orozco ; illustrated by Elisa Kleven. |
| 260 ## - PUBLICATION, DISTRIBUTION, ETC. (IMPRINT) |
| Place of publication, distribution, etc. |
New York : |
| Name of publisher, distributor, etc. |
Puffin Books, |
| Date of publication, distribution, etc. |
1999, c1994. |
| 300 ## - PHYSICAL DESCRIPTION |
| Extent |
56 pages : |
| Other physical details |
color illustrations ; |
| Dimensions |
31 cm. |
| 336 ## - CONTENT TYPE |
| Content type term |
notated music |
| Content type code |
ntm |
| Source |
rdacontent. |
| 337 ## - MEDIA TYPE |
| Media type term |
unmediated |
| Media type code |
n |
| Source |
rdamedia. |
| 338 ## - CARRIER TYPE |
| Carrier type term |
volume |
| Carrier type code |
nc |
| Source |
rdacarrier. |
| 500 ## - GENERAL NOTE |
| General note |
For voice and piano; lyrics incorporated in piano part; includes chord symbols. |
| 500 ## - GENERAL NOTE |
| General note |
Includes index. |
| 505 00 - FORMATTED CONTENTS NOTE |
| Title |
Buenos dias = |
| -- |
Good morning -- |
| -- |
Chocolate -- |
| -- |
Barquito = |
| -- |
Little boat -- |
| -- |
Al tambor = |
| -- |
Drum song -- |
| -- |
Vamos a la mar = |
| -- |
Let's go to the sea -- |
| -- |
Elefantes = |
| -- |
Elephant song -- |
| -- |
Granja = |
| -- |
Farm -- |
| -- |
V©Ưbora de la mar = |
| -- |
Sea serpent -- |
| -- |
Ara©ła peque©łita = |
| -- |
Eensy, weensy spider -- |
| -- |
Ma©łanitas = |
| -- |
Special morning song -- |
| -- |
Villa = |
| -- |
Village -- |
| -- |
Compadre, c©đmpreme un coco = |
| -- |
Compadre, buy me a coconut -- |
| -- |
De colores = |
| -- |
Bright with colors -- |
| -- |
Pollitos = |
| -- |
Baby chicks -- |
| -- |
Hormiguitas = |
| -- |
Little ants -- |
| -- |
Sana, sana -- |
| -- |
Un ratoncito = |
| -- |
Little mouse -- |
| -- |
Cuatro camaroncitos = |
| -- |
Four little shrimp -- |
| -- |
Burrito enfermo = |
| -- |
Sick little donkey -- |
| -- |
Caballito blanco = |
| -- |
My little white horse -- |
| -- |
Pi©łata -- |
| -- |
Nochebuena = |
| -- |
Christmas eve -- |
| -- |
Nanita, nana -- |
| -- |
Naranja dulce = |
| -- |
Sweet orange -- |
| -- |
Coqu©Ư = |
| -- |
Coqu©Ư, the little frog -- |
| -- |
Paz y libertad = |
| -- |
Peace and liberty -- |
| -- |
Du©♭rmete, mi ni©ło = |
| -- |
Go to sleep, my baby. |
| 520 ## - SUMMARY, ETC. |
| Summary, etc. |
Collection of 27 Latin American children's songs celebrating the Latino culture. Includes traditional songs as well as rhymes and hand games. |
| 546 ## - LANGUAGE NOTE |
| Language note |
Songs in Spanish; includes lyrics printed as text with English translations. |
| 650 #0 - SUBJECT ADDED ENTRY--TOPICAL TERM |
| Topical term or geographic name as entry element |
Children's songs, Spanish |
| Geographic subdivision |
Latin America |
| Form subdivision |
Juvenile literature. |
| 650 #0 - SUBJECT ADDED ENTRY--TOPICAL TERM |
| Topical term or geographic name as entry element |
Folk songs, Spanish |
| Geographic subdivision |
Latin America |
| Form subdivision |
Juvenile literature. |
| 650 #0 - SUBJECT ADDED ENTRY--TOPICAL TERM |
| Topical term or geographic name as entry element |
Folk music |
| Geographic subdivision |
Latin America |
| Form subdivision |
Juvenile literature. |
| 650 #0 - SUBJECT ADDED ENTRY--TOPICAL TERM |
| Topical term or geographic name as entry element |
Hispanic Americans |
| Form subdivision |
Music |
| -- |
Juvenile literature. |
| 650 #0 - SUBJECT ADDED ENTRY--TOPICAL TERM |
| Topical term or geographic name as entry element |
Songs, Spanish |
| Geographic subdivision |
Latin America |
| Form subdivision |
Juvenile literature. |
| 700 1# - ADDED ENTRY--PERSONAL NAME |
| Personal name |
Orozco, Jose-Luis. |
| 700 1# - ADDED ENTRY--PERSONAL NAME |
| Personal name |
Kleven, Elisa. |
| 942 ## - ADDED ENTRY ELEMENTS (KOHA) |
| Koha item type |
Libro/Book |